000 01073cam a2200229 4500
001 ABS61151
008 000000n1999 000 0 eng u
035 _a(Sirsi) u101716
100 _aGallimore, P.
245 _aPublic and professional perceptions of HVOTL risks: the problem of circularity.
260 _c1999
490 _aJournal of Property Research
_v16(3) September 1999, 243-255(7)
520 _aOutlines the results of recent studies into the impact of the proximity of high voltage overhead power transmission lines on residential property prices. Warns that valuers have a different perception of the risk than potential house purchasers. References.
520 _aThe article is available through EBSCO Business Source.
650 _aPOWER CABLES
650 _aPYLONS
650 _aResidential property
_96266
690 _aRATING AND VALUATION
700 _aJayne, M.R.
856 4 8 _uhttps://www.rics.org/en/knowledge/library/e-resources/
_zeView this item free of charge (members-only content) through EBSCO Business Source.
942 _n0
_2ddc
999 _c60841
_d60841